Organic reactions and their mechanisms (Record no. 10166)

MARC details
000 -LEADER
fixed length control field 00431nam a2200169Ia 4500
008 - FIXED-LENGTH DATA ELEMENTS--GENERAL INFORMATION
fixed length control field 230917s9999||||xx |||||||||||||| ||und||
020 ## - ISBN
Price Rs. 499.00
040 ## - CATALOGING SOURCE
-- 5010587
Original cataloging agency VIVEKANANDA LIBRARY
041 ## - Language
-- English
082 ## - DDC NUMBER
Classification number 547.139 K127O(5)
100 ## - MAIN ENTRY--PERSONAL NAME
Personal name Kalsi, P S
245 #0 - TITLE STATEMENT
Title Organic reactions and their mechanisms
250 ## - EDITION STATEMENT
Edition statement 5th ed.
260 ## - PUBLICATION, DISTRIBUTION, ETC. (IMPRINT)
Place of publication, distribution, etc New Delhi
Name of publisher, distributor, etc New Age International
Date of publication, distribution, etc 2020
300 ## - PHYSICAL DESCRIPTION
Pages xxiv, 699 p.
942 ## - ADDED ENTRY ELEMENTS (KOHA)
Koha item type Books
Holdings
Withdrawn status Lost status Damaged status Not for loan Location (home branch) Sublocation or collection (holding branch) Date acquired Koha issues (times borrowed) Koha full call number Accession No. Koha date last seen Koha item type
        VIVEKANANDA LIBRARY VIVEKANANDA LIBRARY 14/05/2022 1 547.139 K127O(5) 313448 02/02/2024 Books
© Designed and Maintained by Vivekananda Library, MDU Rohtak